000
00256nam a2200109Ia 4500
008
190216s9999||||xx |||||||||||||| ||und||
100
_a
Nanthakumar.V.T
245
0
_a
Nalathe Mazhaville
260
_b
Current Books
650
_a
Malayalam Novel
942
_c
BK
999
_c
24072
_d
24072